| 000 | 00927cab a22001935a 4500 | ||
|---|---|---|---|
| 001 | L156731 | ||
| 008 | 120704s2012 xxk 000 0 eng d | ||
| 035 | _a(Sirsi) u156731 | ||
| 041 | 0 | _aeng | |
| 100 | 1 | _aIves, Paul | |
| 245 | 0 | 4 | _aThe shifting sands of London's office investment market |
| 260 | _c2012 | ||
| 490 | 0 |
_aSustainablebuilding inc Propertyforecast _v(66) June 2012, 14-15(2) |
|
| 520 | _aRecent figures show that up to 80% of office investment deals in central London originated from foreign buyers. Examines the scale of the swing to foreign ownership, its impact on the liquidity of the London Investment market, and how it will affect future London office development. Graphics cover percentage breakdown of owner type, London building ownership by type, and recent large office purchases by country of origin. | ||
| 590 | _aKA | ||
| 651 | 4 | _aLondon | |
| 690 |
_aCommercial property _96227 |
||
| 942 | _n0 | ||
| 999 |
_c84128 _d84128 |
||